Movies Quiz

Random Movies or War Quiz

Star Wars Movies Quiz Stats

 Plays Quiz not verified by Sporcle

Score 0/8 Timer 09:00
0 Plays Today
% Correct
The Phantom Menace
98.6%
Attack of the Clones
95.7%
Revenge of the Sith
94.2%
The Empire Strikes Back
94.2%
A New Hope
92.8%
Return of the Jedi
92.8%
The Last Jedi
91.7%
The Force Awakens
91.3%

You're not logged in!

Compare scores with friends on all Sporcle quizzes.
OR
Log In

Sporcle TV

Today on Sporcle TV


Watch our educational content, quiz creation guides, and fun videos on Sporcle TV.

Show Comments

Extras

Created Jul 17, 2016ReportNominate
Tags:Star Wars Quiz, War Quiz, star

Top Quizzes Today


Score Distribution

Your Account Isn't Verified!

In order to create a playlist on Sporcle, you need to verify the email address you used during registration. Go to your Sporcle Settings to finish the process.

Report this User

Report this user for behavior that violates our Community Guidelines.

Details: